000 00603nam a2200181 4500
008 160429b xxu||||| |||| 00| 0 eng d
020 _a9710869116
082 _22009
_aDFil 641.5
_bR57
100 _97274
_aRobles-Florendo, Sony
245 _aSignature dishes of the Philippines:
_bbecause we do them best/
_cSony Robles-Florendo.
260 _aMandaluyong City:
_bNational Book Store,
_cc2009.
300 _axix, 202 pages:
_billustrations;
_c15 cm.
500 _aIncludes index.
650 0 _96817
_aFilipino cooking
650 0 _96818
_aCooking
365 _b1, 272.00
_cPhp
942 _2ddc
_cDFIL
999 _c2107
_d2107